=LDR 00000nam 2200000 4500 =001 INLIS000000000035869 =005 20130612141708 =008 ***********************************ind** =035 ##$$0010-061300000035869 =041 ##$$a ind =082 ##$$a 398.05983 =090 ##$$a 398.05983, Han j =100 ##$$a Hardaniwati, Menuk =245 ##$$a Janji Nyai Undang =260 ##$$a 2008 $b Jakarta =650 ##$$a Bacaan Anak-anak =850 ##$$a NBPNMAT